| 000 | 00431nam a22001697a 4500 | ||
|---|---|---|---|
| 003 | SGT | ||
| 020 | _a9781032451145 | ||
| 082 |
_a796.06 _bI24C |
||
| 100 | _aCULLINANE, ADAM | ||
| 245 | _aAN INTRODUCTION TO PERFORMANCE ANALYSIS OF SPORT | ||
| 250 | _a2ND | ||
| 260 |
_aNEW YORK _bROUTLEDGE PUB _c2024 |
||
| 300 | _a194 | ||
| 650 | _aSPORTS SCIENCE | ||
| 653 | _aINTRODUCTION TO PERFORMANCE ANALYSIS OF SPORT | ||
| 942 |
_2ddc _cBK |
||
| 999 |
_c33162 _d33162 |
||